| 000 | 02219cam a2200349 i 4500 | ||
|---|---|---|---|
| 001 | 3052771 | ||
| 003 | EG-ScBUE | ||
| 005 | 20250617104524.0 | ||
| 008 | 960617s1997 nyua f b 001 0 eng d | ||
| 020 | _a0521586984 (pbk.) | ||
| 020 | _a9780521586986 | ||
| 040 |
_aDLC _beng _erda _cDLC _dDLC _dEG-ScBUE |
||
| 082 | 0 | 4 |
_a539.2 _bSMI _222 |
| 100 | 1 |
_aSmith, Glenn S. _q(Glenn Stanley), _d1945- _eauthor. |
|
| 245 | 1 | 3 |
_aAn introduction to classical electromagnetic radiation / _cGlenn S. Smith. |
| 246 | 3 | 0 | _aClassical electromagnetic radiation |
| 264 | 1 |
_aNew York : _bCambridge University Press, _c1997. |
|
| 300 |
_axvi, 653 pages : _billustrations ; _c27 cm |
||
| 336 |
_2rdacontent _atext _btxt |
||
| 337 |
_aunmediated _2rdamedia _bn |
||
| 338 |
_avolume _bnc _2rdacarrier |
||
| 504 | _aIncludes bibliographical references and index. | ||
| 520 | _aA fundamental and thorough description of classical electromagnetic radiation, this book is a balance of physical and mathematical explanation and includes over 300 illustrations. Starting from Maxwell's equations, the author demonstrates how fundamental concepts are applied in a wide variety of examples from areas such as classical optics, antenna analysis, and electromagnetic scattering. An interweaving of theoretical and experimental results gives insight into the physical and historical foundations of the subject. The book gives equal footing to the radiation of pulses and the more conventional time harmonic signals. With more than 140 problems, it can be used as a textbook for advanced undergraduate and graduate courses in electrical engineering and physics, and will also be of interest to scientists and engineers working in applied electromagnetics. A solutions manual is available for instructors. | ||
| 650 | 7 |
_aElectromagnetic waves. _2BUEsh |
|
| 651 | _2BUEsh | ||
| 653 |
_bENGELC _cMay2019 |
||
| 655 | _vReading book | ||
| 856 | 4 | 2 |
_3Publisher description _uhttp://www.loc.gov/catdir/description/cam027/96025107.html |
| 856 | 4 | 1 |
_3Table of contents _uhttp://www.loc.gov/catdir/toc/cam021/96025107.html |
| 856 | 4 | 2 |
_3Contributor biographical information _uhttp://www.loc.gov/catdir/enhancements/fy1401/96025107-b.html |
| 942 |
_2ddc _cBB |
||
| 999 |
_c27458 _d27429 |
||